Phoenician and Punic Cities Map Quiz - Statistics

General Stats
  • This quiz has been taken 84 times
  • The average score is 11 of 37
Answers on the Map
Answers color-coded by a green-red scale on the quiz's map according to % correct below.
 
Answer Stats
Answer % Correct
Lisbon
82%
Carthage (Qart Hadasht)
77%
Palermo (Ziz)
65%
Tangier (Tenga)
65%
Cagliari (Karaly)
60%
Málaga (Málaka)
60%
Beirut
58%
Cádiz (Gadir)
58%
Jaffa
58%
Tyre
51%
Cartagena (Qart Hadasht)
46%
Acre
40%
Latakia (Ramitha)
40%
Byblos (Gebal)
29%
Tripoli (Athar)
28%
Olbia
26%
Bizerte
25%
Sidon
25%
Leptis Magna
20%
Mdina (Maleth)
20%
Pantelleria
20%
Essaouira (Arambys)
15%
Hadrumetum
15%
Kition
15%
Motya
14%
Béja (Vaga)
11%
Lixus
11%
Arwad
9%
Finike
9%
Sa Caleta
9%
San Roque
9%
Sabratha (Tsabratan)
8%
Oea (Oyat)
6%
Rusadir
6%
Tharros
6%
Tipaza (Tipasa)
5%
Myriandus
3%
No matching quizzes found
Score Distribution
Percent of People with Each Score
Percentile by Number Answered
Your Score History
You have not taken this quiz